Score 0/49 Timer 01:00
2 Plays Today
% Correct
Beijing
92.9%
Pyongyang
92.9%
Seoul
92.9%
Baghdad
88.6%
Islamabad
87.9%
Kathmandu
84.7%
Ramallah
84.4%
Beirut
84.4%
Amman
84.4%
Jerusalem
84.4%
Damascus
84.4%
Moscow
84.2%
Kuwait City
84%
New Delhi
83.8%
Yerevan
83.2%
Ankara
83.2%
Bangkok
81.1%
Vientiane
81.1%
Tokyo
80.8%
Tehran
79.1%
Riyadh
79.1%
Abu Dhabi
78.4%
Doha
78.4%
Singapore
78.2%
Hanoi
77.9%
% Correct
Tbilisi
75.5%
Jakarta
73.8%
Baku
73.4%
Manama
73%
Dushanbe
72.9%
Tashkent
71.3%
Naypyidaw
69.2%
Kabul
64.9%
Phnom Penh
64.1%
Muscat
63.5%
Bishkek
63.4%
Kuala Lumpur
60.7%
Ashgabat
60.3%
Manila
56.3%
Nur-Sultan
54.5%
Dhaka
54.1%
Thimphu
53.2%
Sri-Jaya. Kotte
45.2%
Male
45.2%
Taipei
44.7%
Sana'a
43.7%
Ulaanbaatar
41%
Dili
32.8%
Bandar Seri Begawan
16.5%

You're not logged in!

Compare scores with friends on all Sporcle quizzes.
OR
Log In

Sporcle TV

Today on Sporcle TV


Watch our educational content, quiz creation guides, and fun videos on Sporcle TV.

Show Comments

Extras

Top Quizzes Today


Score Distribution

Paid Content

Your Account Isn't Verified!

In order to create a playlist on Sporcle, you need to verify the email address you used during registration. Go to your Sporcle Settings to finish the process.

Report this User

Report this user for behavior that violates our Community Guidelines.

Details: